Statistics for Russia or India?

Click here to take the quiz!

General Stats

  • This quiz has been taken 30 times
  • The average score is 14 of 20

Answer Stats

QuestionAnswer% Correct
Were the first to mine for DiamondsIndia
93%
Created the AK-47Russia
93%
Launched the first Artificial SatelliteRussia
86%
Were the first to do Plastic SurgeryIndia
83%
Created The Periodic TableRussia
83%
First to perform Cataract SurgeryIndia
79%
Created the Roller CoasterRussia
79%
Created the first Intercontinental Ballistic MissileRussia
79%
Had the first Space Tourism programRussia
79%
Created the modern RulerIndia
72%
Created the video game TetrisRussia
72%
Discovered Microwave CommunicationIndia
66%
Created Yacht ClubsRussia
66%
Created Chintz FabricIndia
62%
Created the Flush ToiletIndia
59%
Discovered VirusesRussia
52%
Created Powdered MilkRussia
45%
Created Sambo martial artRussia
45%
Discovered Fibre OpticsIndia
41%
Created the Artificial HeartRussia
41%

Score Distribution

Percentile by Number Answered

Percent of People with Each Score

Your Score History

You have not taken this quiz